000 00542nam a22001577a 4500
005 20170119152651.0
008 170112b xxu||||| |||| 00| 0 eng d
050 _aB2925. 1952
100 _aHegel, Georg wilhelm Friedrich
_911193
245 _aVom wissenschaftlichen erkennen
_cby Hegel, Georg wilhelm Friedrich
260 _aHamburg
_bFelix Meiner Verlag
_c1952
300 _a59p.;
_c19cm.
440 _aTaschenausgaben der Philosophischen bibliothek
_nn. 36
_928276
700 _aHoffmeister, Johannes
_928277
942 _2lcc
_cMONOGRAPH
999 _c125959
_d125959